000
00340nam a2200145Ia 4500
008
150301s2015 xx 000 0 und d
082
_a
615.19
_b
P13R
100
_a
RAO, G. DEVALA
245
_a
TEXBOOK OF PHARMACEUTICAL ANALYSIS
250
_a
5TH
260
_b
BIRLA PUBLISHER
300
_a
260
650
_a
BIOLOGY
942
_2
ddc
_c
BK
_0
1
999
_c
7058
_d
7058